Các quy định pháp luật về quyền, nghĩa vụ đối với cán bộ, công chức

שמור ב:
מידע ביבליוגרפי
פורמט: ספר
שפה:Undetermined
יצא לאור: Hà Nội Lao động Xã hội 2004
נושאים:
תגים: הוספת תג
אין תגיות, היה/י הראשונ/ה לתייג את הרשומה!
Thư viện lưu trữ: Trung tâm Học liệu Trường Đại học Cần Thơ
LEADER 00562nam a2200181Ia 4500
001 CTU_94989
008 210402s9999 xx 000 0 und d
020 |c 180000 
082 |a 344.01 
082 |b C101 
245 0 |a Các quy định pháp luật về quyền, nghĩa vụ đối với cán bộ, công chức 
260 |a Hà Nội 
260 |b Lao động Xã hội 
260 |c 2004 
650 |a Labor laws and legislation 
650 |z Vietnam 
904 |i Trúc 
980 |a Trung tâm Học liệu Trường Đại học Cần Thơ